La biblia. (Registro nro. 2190)

Detalles MARC
000 -LEADER
fixed length control field 00659naaaa2200217 a 4500
005 - FECHA ULTIMA MODIFICACION
control field 20240807085759.0
008 - CAMPO DE CONTROL (LIBRO)
fixed length control field 150806s1989 ag a gr |||| 0|spa d
010 ## - NUMERO DE CONTROL BIBLIOTECA DEL CONGRESO
LC control number
020 ## - INTERNATIONAL STANDARD BOOK NUMBER
ISBN 8428504156
022 ## - INTERNATIONAL STANDARD SERIAL NUMBER
Incorrect ISSN
041 ## - CODIGO DE IDIOMA
Código de idioma del texto/pista de sonido o título separado spa
092 ## - SIGNATURA TOPOGRAFICA DEWEY LOCAL
número de clasificación 220
libristica 75
sección ROD
130 1# - ENTRADA PRINCIPAL-TITULO UNIFORME
Título uniforme La Biblia
9 (RLIN) 4164
245 3# - TITULO PROPIAMENTE DICHO
Título La biblia.
Subtítulo y Título paralelo Latinoamérica /
250 ## - MENCION DE EDICION
Mención de edición 49a ed.
Mención de responsabilidad relacionada con la ed. Diagramación e ilustración Hernán Rodas
260 ## - PIE DE IMPRENTA
Lugar de publicación, distribución, etc Madrid:
Nombre de la editorial, distribuidor, etc San Pablo ; Editorial Verbo Divino;
Fecha de publicación 1989.
300 ## - DESCRIPCION FISICA
Extension 520 p.
500 ## - NOTA GENERAL
Nota general La biblia. (1989). La Biblia. Latinoamérica. (49a ed.). Madrid : San Pablo ; Editorial Verbo Divino.
655 ## - MATERIA - GENERO/FORMA
Género/Forma Religión
-- 4165
942 ## - ADDED ENTRY ELEMENTS (KOHA)
Source of classification or shelving scheme Dewey Decimal Classification
Item type LITERATURA
Existencias
Estado de retiro Existencia Fuente de clasificación Estado general No para prestamo Colección Ubicación permanente ubicación actual Sala de ubicación Fecha de adquisición Total Checkouts Código de barras Date last seen Date last borrowed Price effective from
    Dewey Decimal Classification     Non-fiction Biblioteca Medicina Biblioteca Medicina Circulación 06/08/2015 7 3521 18/09/2015 27/08/2015 06/08/2015

UNIVERSIDAD NACIONAL DEL COMAHUE
Biblioteca de la Facultad de Ciencias Médicas
Sede Toschi: Los Arrayanes y Av. Toschi, Cipolletti  - Rio Negro
Sede Los Tordos:  Yrigoyen al 2211, Cipolletti - Rio Negro 

Teléfono: 0299 - 4774707 int 25
Contacto: biblioteca@facimed.uncoma.edu.ar
© 2011 - 2026